Greenest Countries Quiz Stats

 Plays Quiz Updated Jun 19, 2019

Score 0/15 Timer 05:00
4 Plays Today
Rank Country % Correct
14thNorway
89.6%
13thGermany
87.5%
2ndFrance
86%
5thSweden
81.3%
1stSwitzerland
78.5%
11thIceland
73.3%
6thUnited Kingdom
72.9%
9thIreland
72.4%
Rank Country % Correct
3rdDenmark
71.8%
15thBelgium
71.5%
8thAustria
71.1%
10thFinland
70.9%
12thSpain
63.2%
7thLuxembourg
59.8%
4thMalta
26.2%

You're not logged in!

Compare scores with friends on all Sporcle quizzes.
OR
Log In

Sporcle TV

Today on Sporcle TV


Watch our educational content, quiz creation guides, and fun videos on Sporcle TV.

Show Comments

Extras

Top Quizzes Today


Score Distribution

Your Account Isn't Verified!

In order to create a playlist on Sporcle, you need to verify the email address you used during registration. Go to your Sporcle Settings to finish the process.

Report this User

Report this user for behavior that violates our Community Guidelines.

Details: